Normale Ansicht MARC-Ansicht ISBD

Geschichtsbewusstsein und Gruppenidentität : (Titelsatznr. 17450)

[ MARC ]
MARC-Details
000 -Satzkennung
Kontrollfeld mit fester Länge 00715nam a22002291c 4500
001 - Kontrollnummer
Kontrollfeld 34136813X
008 - Feld mit fester Länge zur physischen Beschreibung - Allgemeine Angaben
Kontrollfeld mit fester Länge 090512s2002 gw |||| 000u ger d
020 ## - Internationale Standardbuchnummer
Internationale Standardbuchnummer 3412159018
Verknüpfung 3-412-15901-8
041 ## - Sprachcode
Sprachcode des Textes/der Tonspur oder des separaten Titels ger
040 ## - Katalogisierungsquelle
Übertragungsstelle RU-10907106
003 - Kontrollnummer Identifier
Kontrollfeld RU-10907106
100 1# - Haupteintragung - Personenname
Personenname Szegedi, Edit
245 00 - Titel
Titel Geschichtsbewusstsein und Gruppenidentität :
Zusatz zum Titel die Historiographie der Siebenbürger Sachsen zwischen Barock und Aufklärung /
Verfasserangabe etc. von Edit Szegedi
264 ## - Produktion, Veröffentlichung, Distribution, Herstellung und Urheberrechtsvermerk
Herstellungs-, Veröffentlichungs- Vertriebs-, Erzeugungsort Köln [u.a.] :
Produzent, Herausgeber, Distributor, Hersteller Böhlau,
Datum der Herstellung, der Veröffentlichung, des Vertriebs oder des Urheberschutzvermerks 2002
300 ## - Physische Beschreibung
Umfang VIII, 450 S. : graph. Darst ; 23 cm
490 #0 - Gesamttitelangabe
Gesamttitelangabe Studia Transylvanica
Bandnummer/Folgebezeichnung 28
650 #0 - Nebeneintragung unter einem Schlagwort - Sachschlagwort
Sachschlagwort oder geografischer Name als Eintragungselement Geschichtsschreibung
651 #0 - Nebeneintragung unter einem Schlagwort - Geografischer Name
Geografischer Name Siebenbürgen
651 #0 - Nebeneintragung unter einem Schlagwort - Geografischer Name
Geografischer Name Ungarn
651 #0 - Nebeneintragung unter einem Schlagwort - Geografischer Name
Geografischer Name Transsylvanien
942 ## - Zusätzliche Felder (Koha)
Koha-Medientyp Monographien
Exemplare
Ausgeschieden Verloren Klassifikation oder Aufstellungssystematik Beschädigt Nicht entleihbar Heimatbibliothek Aufenthaltsbibliothek Aufstellungsort Erwerbungsdatum Inventarnummer Signatur Barcode Letzte Aktivität Preis gültig von Koha-Medientyp
    Andere/Generische Klassifikation     MWN Osteuropa MWN Osteuropa Lesesaal - 1 12/05/2009 09-01938 W 40 G o Deut E004015073EAA3D0 22/02/2021 22/03/2021 Monographien